MDQL
is popping MORE tags! Check the
thread
!
Quizzes
Events
Quiz Creation
Community
Videos
Private Events
Remove Ads
Sign In
Join for FREE
Feedback
Dark Mode
Quiz Categories
Sports
Geography
Music
Movies
Television
Just For Fun
Miscellaneous
History
Literature
Language
Science
Gaming
Entertainment
Religion
Holiday
For Kids
Quiz Lab
Recent
Popular Today
Quiz Kudos Today
Editor Picks
Curator Picks
Quizzes by...
Day
Popularity
Type
Ratings
Length
Year
Community
Subscriptions
Recent Discussions
Orange Saloon
Badges
Playlists
Quests
Create
Leaderboards
Showdown
Live 5
Trivia Bingo
Activity
Puzzle Library
Sporcle Events
Private Events
Virtual Trivia
Globe League
Become a Host
Pub Owners
SporcleCon
Opinionation
Our Games
Videos
Blog
Mobile Apps
Partnerships
Remove Ads and Go Orange
Feedback
Music
Pop Music
The Beatles
Song
Album
Lyrics
Bands
Singers
Artist
Clip
Rock
Rap
Classical
Billboard
Country Music
Kpop
Taylor Swift
Music
Pop Music
The Beatles
Song
Album
Lyrics
Bands
Singers
Artist
Clip
Rock
Rap
Classical
Billboard
Country Music
Kpop
Taylor Swift
Random Quiz
Search Sporcle
×
Quiz Lab
Quiz Lab
Music
Football
Type in answers that appear in a list
Type in answers that appear in a list
Classic
Best Score? Go Orange.
UK Top 40 Singles of 1995 Stats
Can you name the 40 Biggest Selling Singles in the UK of 1995?
By
ChartFreak
8m
40 Questions
294 Plays
294 Plays
294 Plays
Comments
Comments
Give Quiz Kudos
Give Quiz Kudos
-
- Ratings
hide this ad
Replay
Link that replays current quiz
Next Quiz
Link to next quiz in quiz playlist
You Got
0%
They Got
Avg Score
61%
Avg Friend Score
Upgrade to see
Score Distribution
Jump to the score distribution portion of the page
Score
0/40
Timer
08:00
0
Plays Today
Position
Single
% Correct
2
Gangsta's Paradise
91.8%
10
Wonderwall
91.5%
16
Cotton Eye Joe
84.6%
6
Earth Song
83.3%
22
I'll Be There For You
82.6%
1
Unchained Melody / (There'll Be Bluebirds Over) The White Cliffs Of Dover
82.3%
12
Country House
80.5%
9
Missing
79.9%
29
Waterfalls
79.9%
36
Common People
76.5%
39
Kiss From A Rose
76.5%
7
Fairground
76.1%
4
Back For Good
75.1%
30
Scatman (Ski-Ba-Bop-Ba-Dop-Bop)
75.1%
11
Boom Boom Boom
66.9%
24
Here Comes The Hotstepper
66.9%
26
It's Oh So Quiet
66.6%
5
Think Twice
66.2%
20
Roll With It
64.2%
8
You Are Not Alone
63.5%
Position
Single
% Correct
3
I Believe / Up On The Roof
63.1%
40
Dreamer
60.4%
17
Set You Free
59.4%
18
Who The F**k Is Alice?
58.4%
15
Boombastic
56.3%
27
Never Forget
54.3%
23
Two Can Play That Game
53.9%
31
Some Might Say
53.2%
14
Don't Stop (Wiggle Wiggle)
52.6%
25
Shy Guy
48.5%
13
Father And Son
45.7%
19
Hold Me, Thrill Me, Kiss Me, Kill Me
45.4%
37
Fantasy
45.4%
28
Don't Give Me Your Life
43.7%
34
Stayin' Alive
42.3%
38
I've Got A Little Something For You
39.6%
35
I'd Lie For You (And That's The Truth)
27%
21
Guaglione
26.6%
32
You'll See
26.3%
33
Thunder
23.9%
Quiz Playlist
Details
Report
Send in Message
Add To Playlist
Classic:
Type in answers that appear in a list
Last Updated: Feb 16, 2017
Quiz Scoreboard
CHALLENGE
Sign Up to Join the Scoreboard
Show All
Scores
Hide
Comments
May contain spoilers
Recently Published
Holiday 10x10 Sorting Gallery
by lukepisani3
Holiday
15m
Two Season TV Shows II
by 123Four
Television
10m
Image Sorting: Flags VI
by Barbecue
Geography
2m
More to Explore
Quiz From the Vault
Featured Blog Post
14 Easter Pick-up Lines to Find Eggs With
hide this ad
You Might Also Like...
Tags
Football Quiz
1995
Act
Best Selling
biggest
Selling Singles
Single
Today's Top Quizzes in Music
Browse Music
hide this ad
Today's Top Quizzes in Football
Browse Football
Top Contributed Quizzes in Music
1
5X2 Blitz: Bands II
2
Taylor Swift All Songs (2024)
3
5X2 Blitz: The Beatles
4
5X2 Blitz: Billboard
5
Music Artist by Three 2010s hits
6
5X2 Blitz: Billboard II
7
5X2 Blitz: Album
8
5X2 Blitz: Rock
9
5X2 Blitz: Singers
10
5X2 Blitz: Lyrics
Explore More
Trending Topics
Harry Potter
Disney
Crossword
Marvel
Anime
NBA
Kpop
Puzzle
NFL
Country
Pokémon
Soccer
Song
WWE
The Office
hide this ad
More By:
ChartFreak
Quiz
Plays
Rating
Category
Featured
Created
Top 100 Best Selling Singles Acts of All-time (UK)
4,819
4.88
Music
Jan 18, 2014
EastEnders Original Characters (1985) (mapped)
4,489
4.75
Television
Dec 27, 2014
UK Top 100 Singles 1990-1999
3,060
4.73
Music
Feb 5, 2014
Madonna Top 40 Hits (UK)
2,761
4.48
Music
Apr 11, 2011
Top 100 biggest album acts of the 1990s (UK)
1,857
4.92
Music
Oct 27, 2013
Go to Creator's Profile
Score Distribution
Quiz Creator Spotlight
ChartFreak
Follow
Send a Message
Quizzes Created
-
Created Quiz Play Count
-
More By This Creator
Popular Quizzes Today
1
Find the US States - No Outlines Minefield
2
Colored Red Africa Blitz
3
Find the 'City' Movie
4
The Countries of the World
5
5x2 Blitz: Bands
6
Find the Countries of Europe - No Outlines Minefield
7
Find the US States
8
US States
More Music Quizzes
'deja vu': Follow the Lyrics (Olivia Rodrigo)
Quiz Lab
Trending Quizzes
Colored Red Europe Blitz I
Colored Red Europe Blitz II
Colored Red Africa Blitz II
Even More Two Season TV Shows
Colored Red Africa Blitz III
Recently Updated
Odd Team Out - Big 4 Players
pecheneg
Quick Pick: 20 Twenties
pecheneg
March Madness Men's Triple Doubles
pecheneg
How Do You Spell That?
pecheneg
Godzilla Movies
pecheneg
Grab Bag: 4-10 Letters
pecheneg
2024 March Madness Bracket
pecheneg
Famous TV Couples
Peacemaker
Champions League XIs: Real Madrid
pecheneg
Largest US Cities 1790-2010
pecheneg
Trending Topics
Marvel
Crossword
Disney
Kpop
NBA
Anime
Harry Potter
The Office
Song
Pokémon
NFL
Country
Soccer
WWE
Puzzle
Your Account Isn't Verified!
In order to create a playlist on Sporcle, you need to verify the email address you used during registration. Go to your
Sporcle Settings
to finish the process.
Report this User
Report this user for behavior that violates our
Community Guidelines
.
Details:
Send Report
Go to the Sporcle.com Mobile Site →
Comments